000 00589pab a2200193 454500
008 180718b2004 xxu||||| |||| 00| 0 eng d
100 _aPanda, Mamta
245 _aIndustrial relations environment and work culture in public and private sector organisations: a case study
260 _c2004
300 _ap.465-88.
362 _aApr
650 _aPrivate sector
650 _aPublic sector
650 _aWork culture - Case studies
650 _aLabour relations - case studies
650 _aLabour relations
773 _aIndian Journal of Industrial Relations
909 _a60856
999 _c60856
_d60856